| 000 | 00345nam a2200145Ia 4500 | ||
|---|---|---|---|
| 008 | 150201s2004 xx 000 0 und d | ||
| 082 |
_a610.73 _bA2004B |
||
| 100 | _aBNENL | ||
| 245 | 2 | _aA NEW TEXTBOOK FOR NURSES IN INDIA | |
| 250 | _a4TH | ||
| 260 |
_bB.I.PUBLICATION _aDELHI _c2004 |
||
| 300 | _a1-400 | ||
| 650 | _aNURSING | ||
| 942 |
_2ddc _cBK |
||
| 999 |
_c4081 _d4081 |
||